00891nam a2200193 a 450000100100000000500170001000800410002704000250006810000260009324000580011924501390017726000450031630000210036159000760038270000350045804900090049395201780050299900170068000003584420200930074647.0111115s1947 dr 000 0 spa d aDO-SdBNPbspacBNPHU1 aCarnegie, Dale96179910aPublic speaking influencing men in businesslinglés10aCómo hablar bien en público e influir en los hombres de negocios /cDale Carnegie ; traducción y adaptación Jorge Ciancaglini. aBuenos Aires :bEdiciones Cosmos,c1947. a412 p. ;c23 cm. aPerteneció a la biblioteca personal de Juan Isidro Jimenes Grullón.1 aCiancaglini, Jorgeetr.961820 aBNPD 0010718PDaGRbGRcCTd2011-11-15iLF1l0o p35844-10r2020-06-25w2020-06-25yLFPDzPerteneció a la biblioteca personal de Juan Isidro Jimenes Grullón.ZNo se presta c35335d35335